[Event "VIE-ch"]
[Site "Hanoi"]
[Date "2024.03.15"]
[Round "8"]
[White "Vo, Hoai Thuong"]
[Black "Pham, Chuong"]
[Result "0-1"]
[WhiteElo "1996"]
[BlackElo "2332"]
[PlyCount "70"]
[EventDate "2024.03.11"]
[EventType "swiss"]
[EventRounds "9"]
[EventCountry "VIE"]
[SourceTitle "CB13_2024"]
[SourceDate "2024.03.27"]
[SourceVersion "1"]
[SourceVersionDate "2024.03.27"]
[SourceQuality "1"]

1. d4 d5 2. Nf3 Nf6 3. g3 c5 4. Bg2 cxd4 5. 0-0 h6 6. Nxd4 e5 7. Nb3 a5 8. a4 Nc6 9. Nc3 Be6 10. f4 e4 11. f5 Bc8 12. Nb5 Be7 13. Bf4 0-0 14. Nc7 Ra7 15. Nb5 Ra6 16. Nc7 Rb6 17. Nb5 Rxb5 18. axb5 Qb6+ 19. Kh1 Qxb5 20. Be3 Bd7 21. Qd2 a4 22. Nd4 Qa6 23. Nxc6 bxc6 24. Bd4 Ra8 25. e3 Qc8 26. g4 Nxg4 27. Bh3 Bxf5 28. Rg1 h5 29. Raf1 g6 30. Bc3 Bc5 31. Rg3 Nxe3 32. Rxe3 Bxh3 33. Rxe4 Bxf1 34. Qh6 d4 35. Rxd4 Bg2+ 0-1

[Event "VIE-ch"]
[Site "Hanoi"]
[Date "2024.03.13"]
[Round "5"]
[White "Vo, Hoang Quan"]
[Black "Pham, Chuong"]
[Result "0-1"]
[WhiteElo "1851"]
[BlackElo "2332"]
[PlyCount "92"]
[EventDate "2024.03.11"]
[EventType "swiss"]
[EventRounds "9"]
[EventCountry "VIE"]
[SourceTitle "CB13_2024"]
[SourceDate "2024.03.27"]
[SourceVersion "1"]
[SourceVersionDate "2024.03.27"]
[SourceQuality "1"]

1. d4 Nf6 2. Nf3 e6 3. g3 c5 4. Bg2 cxd4 5. Nxd4 d5 6. 0-0 e5 7. Nb3 Be7 8. Bg5 d4 9. e3 dxe3 10. Qxd8+ Bxd8 11. Bxe3 0-0 12. N1d2 Nc6 13. Bc5 Re8 14. Nc4 Bc7 15. Rfe1 Be6 16. Nd6 Bxd6 17. Bxd6 Bd5 18. Bxd5 Nxd5 19. Rad1 Nb6 20. Nc5 Nd4 21. Kg2 Nc4 22. c3 Nf5 23. Nxb7 Nxb2 24. Rd5 Nc4 25. Re4 Ncxd6 26. Nxd6 Rad8 27. Nxe8 Rxd5 28. Nc7 Ra5 29. a4 Nd6 30. Rb4 Kf8 31. Nb5 Ke7 32. f4 exf4 33. Nxd6 Kxd6 34. Rxf4 f5 35. Rb4 g5 36. Kf3 Rc5 37. c4 Ra5 38. h4 h6 39. hxg5 hxg5 40. Kf2 Kc5 41. Rb7 Kxc4 42. Rg7 g4 43. Rf7 Kd4 44. Rd7+ Ke5 45. Re7+ Kf6 46. Rb7 Rxa4 0-1

[Event "VIE-ch"]
[Site "Hanoi"]
[Date "2024.03.12"]
[Round "3"]
[White "Nguyen, Duc Dung"]
[Black "Pham, Chuong"]
[Result "0-1"]
[WhiteElo "1752"]
[BlackElo "2332"]
[PlyCount "80"]
[EventDate "2024.03.11"]
[EventType "swiss"]
[EventRounds "9"]
[EventCountry "VIE"]
[SourceTitle "CB13_2024"]
[SourceDate "2024.03.27"]
[SourceVersion "1"]
[SourceVersionDate "2024.03.27"]
[SourceQuality "1"]

1. d4 Nf6 2. c4 e6 3. Nf3 b6 4. g3 Ba6 5. Qc2 c5 6. Bg2 Nc6 7. Qa4 Bb7 8. Ne5 cxd4 9. 0-0 Qc8 10. Bf4 Nh5 11. Rd1 Nxf4 12. gxf4 Nxe5 13. fxe5 Bxg2 14. Kxg2 Qc5 15. f4 g5 16. e3 gxf4 17. exd4 Qe7 18. Nc3 Qh4 19. Rf1 Be7 20. Kh1 Rg8 21. Qc2 Rc8 22. b3 f6 23. Qe4 f5 24. Qxf4 Rg4 25. Qf3 Rxd4 26. Rad1 Rc5 27. Rxd4 Qxd4 28. Rg1 Rxe5 29. Qa8+ Bd8 30. Qf3 Qh4 31. Qg2 Bf6 32. Nb5 Re1 33. Nd6+ Ke7 34. Nc8+ Kd8 35. Nxa7 Rxg1+ 36. Qxg1 Qe4+ 37. Qg2 Kc7 38. Qxe4 fxe4 39. Kg2 d5 40. a4 Be5 0-1

[Event "VIE-ch"]
[Site "Hanoi"]
[Date "2024.03.11"]
[Round "1"]
[White "Nguyen, Tung Quan"]
[Black "Pham, Chuong"]
[Result "0-1"]
[WhiteElo "1823"]
[BlackElo "2332"]
[PlyCount "83"]
[EventDate "2024.03.11"]
[EventType "swiss"]
[EventRounds "9"]
[EventCountry "VIE"]
[SourceTitle "CB13_2024"]
[SourceDate "2024.03.27"]
[SourceVersion "1"]
[SourceVersionDate "2024.03.27"]
[SourceQuality "1"]

1. e4 c5 2. Nf3 Nc6 3. Bb5 e6 4. c3 Nf6 5. Qe2 a6 6. Ba4 b5 7. Bc2 Bb7 8. 0-0 Be7 9. a3 c4 10. d4 cxd3 11. Bxd3 d6 12. Rd1 Qc7 13. Bf4 0-0 14. Nbd2 Nd7 15. Nf1 Nce5 16. Nxe5 Nxe5 17. Bxe5 dxe5 18. Ne3 Rfd8 19. f3 Bc5 20. Kh1 h5 21. Nc2 Bc6 22. c4 bxc4 23. Bxc4 a5 24. b4 Ba7 25. b5 Bb7 26. h3 Rac8 27. Rxd8+ Rxd8 28. a4 h4 29. Rc1 Qc5 30. Na1 Qb4 31. Qe1 Qxa4 32. Qxh4 Rd1+ 33. Kh2 Bg1+ 34. Kg3 Be3 35. Bb3 Bf4+ 36. Kg4 Rd2 37. g3 Qa3 38. Rc2 Rxc2 39. Nxc2 Qxb3 40. gxf4 f5+ 41. Kg3 exf4+ 42. Qxf4 0-1

[Event "VIE-ch"]
[Site "Ha Tien"]
[Date "2023.09.16"]
[Round "8"]
[White "Pham, Chuong"]
[Black "Dang, Anh Minh"]
[Result "1-0"]
[WhiteElo "2318"]
[BlackElo "2051"]
[PlyCount "109"]
[EventDate "2023.09.13"]
[EventType "swiss"]
[EventRounds "9"]
[EventCountry "VIE"]
[SourceTitle "EXT 2024"]
[Source "ChessBase"]
[SourceDate "2023.10.10"]
[SourceVersion "1"]
[SourceVersionDate "2023.10.10"]
[SourceQuality "1"]

1. d4 Nf6 2. c4 e6 3. g3 Bb4+ 4. Bd2 Qe7 5. Nf3 Nc6 6. Nc3 0-0 7. Bg2 Bxc3 8. Bxc3 Ne4 9. Rc1 Nxc3 10. Rxc3 d6 11. d5 Nb8 12. dxe6 fxe6 13. 0-0 Nc6 14. Qd2 Bd7 15. Rb3 b6 16. Re3 Rae8 17. b4 a5 18. a3 Qf6 19. Rd3 e5 20. Ng5 Nd4 21. f4 Ne6 22. bxa5 bxa5 23. Qxa5 Nxg5 24. fxg5 Qxg5 25. Qxc7 Rxf1+ 26. Bxf1 Bf5 27. Rf3 Qg6 28. c5 dxc5 29. Qxc5 h6 30. a4 Kh7 31. a5 Be4 32. Re3 Qf5 33. Bg2 Bxg2 34. Kxg2 Qe6 35. Qb5 e4 36. a6 Re7 37. Qa4 Ra7 38. Ra3 Qd5 39. Qc2 Qe6 40. Qa4 Qd5 41. Qa5 Qe6 42. Qb5 Rf7 43. Qb1 Ra7 44. Qa2 Qc6 45. h4 e3+ 46. Kh2 Qf6 47. Qd5 Qf2+ 48. Qg2 Qf5 49. Qg1 Qc5 50. Qb1+ Kh8 51. Rb3 Ra8 52. Rb8+ Rxb8 53. Qxb8+ Kh7 54. a7 Qf5 55. a8Q 1-0

[Event "VIE-ch"]
[Site "Ha Tien"]
[Date "2023.09.15"]
[Round "6"]
[White "Pham, Chuong"]
[Black "Tran, Tuan Minh"]
[Result "0-1"]
[WhiteElo "2318"]
[BlackElo "2483"]
[PlyCount "112"]
[EventDate "2023.09.13"]
[EventType "swiss"]
[EventRounds "9"]
[EventCountry "VIE"]
[SourceTitle "EXT 2024"]
[Source "ChessBase"]
[SourceDate "2023.10.10"]
[SourceVersion "1"]
[SourceVersionDate "2023.10.10"]
[SourceQuality "1"]

1. d4 Nf6 2. c4 e6 3. g3 Bb4+ 4. Bd2 Be7 5. Bg2 d5 6. Nf3 c6 7. Qc2 Ne4 8. 0-0 Nxd2 9. Nbxd2 0-0 10. e4 a5 11. Rfe1 Na6 12. Rad1 Bf6 13. a3 Qb6 14. Re3 Bd7 15. h4 h6 16. e5 Be7 17. Bf1 c5 18. cxd5 exd5 19. Nb1 Nc7 20. dxc5 Bxc5 21. Rc3 Ne6 22. Rcd3 Bc6 23. R3d2 d4 24. Qf5 Qb3 25. Bg2 Rac8 26. Ne1 Rfe8 27. Bxc6 bxc6 28. Rc2 Bf8 29. Nd2 Qd5 30. Qe4 Qb5 31. Rdc1 c5 32. Nd3 a4 33. Nc4 Rb8 34. f4 Qd7 35. Rf2 Nc7 36. f5 Nd5 37. Rf3 Rb3 38. Kh2 h5 39. Qe2 Qb5 40. e6 fxe6 41. fxe6 Ne3 42. Nxe3 Qxd3 43. Rxf8+ Rxf8 44. Qxd3 Rxd3 45. e7 Re8 46. Nd5 Rd2+ 47. Kh3 d3 48. Rc3 Kf7 49. g4 Rxb2 50. Rxd3 Rb3 51. Nc3 Rxe7 52. gxh5 Rxa3 53. Kg4 Re4+ 54. Kg5 Rc4 55. Rd7+ Ke8 56. Rxg7 Raxc3 0-1

[Event "VIE-ch"]
[Site "Ha Tien"]
[Date "2023.09.14"]
[Round "3"]
[White "Nguyen, Nam Kiet"]
[Black "Pham, Chuong"]
[Result "0-1"]
[WhiteElo "1890"]
[BlackElo "2318"]
[PlyCount "114"]
[EventDate "2023.09.13"]
[EventType "swiss"]
[EventRounds "9"]
[EventCountry "VIE"]
[SourceTitle "EXT 2024"]
[Source "ChessBase"]
[SourceDate "2023.10.10"]
[SourceVersion "1"]
[SourceVersionDate "2023.10.10"]
[SourceQuality "1"]

1. d4 d5 2. e3 Nf6 3. Bd3 e6 4. Nd2 c5 5. c3 Nc6 6. Ngf3 Be7 7. 0-0 0-0 8. dxc5 Bxc5 9. e4 Qc7 10. Qe2 Be7 11. Re1 b6 12. e5 Nd7 13. Nb3 Nc5 14. Nxc5 bxc5 15. Bg5 h6 16. Bxe7 Nxe7 17. c4 Rb8 18. Rac1 Qb6 19. b3 Bb7 20. h4 Rfd8 21. Nd2 Qc6 22. h5 dxc4 23. Be4 Qa6 24. Nxc4 Bxe4 25. Qxe4 Qxa2 26. Nd6 Qxb3 27. Rxc5 Rb4 28. Qe2 Nd5 29. g3 Rf8 30. Rec1 Qb2 31. R5c2 Qd4 32. Rc8 Rb8 33. Qf3 Rbxc8 34. Rxc8 f5 35. Rxf8+ Kxf8 36. Qa3 Kg8 37. Qa6 Kh7 38. Nf7 Qd1+ 39. Kg2 Qg4 40. Kf1 Qxh5 41. Qxe6 Qh1+ 42. Ke2 Qe4+ 43. Kd2 Qd4+ 44. Ke1 Qe4+ 45. Kd2 Nb4 46. Qb3 a5 47. f3 Qd4+ 48. Ke2 a4 49. Qe6 Qd3+ 50. Kf2 a3 51. g4 fxg4 52. Qxg4 Qc2+ 53. Kf1 a2 54. Ng5+ Kh8 55. Nf7+ Kg8 56. Nxh6+ Kh7 57. Qd4 Qb1+ 0-1

[Event "VIE-ch"]
[Site "Vung Tau"]
[Date "2023.03.05"]
[Round "4"]
[White "Pham, Chuong"]
[Black "Nguyen, Hoang Nam"]
[Result "1-0"]
[WhiteElo "2352"]
[BlackElo "2131"]
[PlyCount "71"]
[EventDate "2023.03.03"]
[EventType "swiss"]
[EventRounds "9"]
[EventCountry "VIE"]
[SourceTitle "EXT 2024"]
[Source "ChessBase"]
[SourceDate "2023.10.10"]
[SourceVersion "1"]
[SourceVersionDate "2023.10.10"]
[SourceQuality "1"]

1. d4 Nf6 2. c4 e6 3. g3 Bb4+ 4. Bd2 Qe7 5. Nf3 Nc6 6. Nc3 d6 7. d5 Bxc3 8. Bxc3 Nb8 9. Bg2 e5 10. c5 0-0 11. cxd6 cxd6 12. 0-0 Bf5 13. Nd2 Na6 14. e4 Bg4 15. f3 Bd7 16. Qe2 Rfc8 17. Rfc1 Be8 18. Qe3 Nc5 19. b3 a5 20. Nc4 Qc7 21. f4 Nfd7 22. Bh3 f6 23. fxe5 fxe5 24. Nxa5 Rxa5 25. Bxa5 Qxa5 26. a3 Qd8 27. b4 Na4 28. Be6+ Kh8 29. Rxc8 Qxc8 30. Rc1 Qb8 31. Qg5 Nab6 32. Qe7 h5 33. a4 Nf6 34. Qf8+ Kh7 35. Bf5+ g6 36. Qe7+ 1-0

[Event "VIE-ch"]
[Site "Vung Tau"]
[Date "2023.03.03"]
[Round "2"]
[White "Nguyen, Hoang Dang Huy"]
[Black "Pham, Chuong"]
[Result "0-1"]
[WhiteElo "1696"]
[BlackElo "2352"]
[PlyCount "60"]
[EventDate "2023.03.03"]
[EventType "swiss"]
[EventRounds "9"]
[EventCountry "VIE"]
[SourceTitle "EXT 2024"]
[Source "ChessBase"]
[SourceDate "2023.10.10"]
[SourceVersion "1"]
[SourceVersionDate "2023.10.10"]
[SourceQuality "1"]

1. c4 e5 2. g3 Nf6 3. Bg2 d5 4. cxd5 Nxd5 5. Nc3 Nb6 6. Nf3 Nc6 7. 0-0 Be7 8. d3 0-0 9. a3 Be6 10. b4 a5 11. b5 Nd4 12. Bb2 f6 13. Nxd4 exd4 14. Nb1 Bd5 15. Nd2 Bxg2 16. Kxg2 Qd5+ 17. Kg1 a4 18. Nf3 Bc5 19. Qd2 Rfe8 20. Rfe1 Rad8 21. Qc2 Qh5 22. Rac1 Rd5 23. Qb1 Kh8 24. Qa1 Red8 25. Nd2 Qh3 26. Rf1 Nd7 27. e4 dxe3 28. fxe3 Rxd3 29. Rc4 Ne5 30. Bxe5 Rxd2 0-1

[Event "Hanoi op"]
[Site "Hanoi"]
[Date "2022.08.26"]
[Round "6"]
[White "Pham, Chuong"]
[Black "Dang, Hoang Son"]
[Result "1/2-1/2"]
[WhiteElo "2352"]
[BlackElo "2360"]
[PlyCount "20"]
[EventDate "2022.08.20"]
[EventType "swiss"]
[EventRounds "9"]
[EventCountry "VIE"]
[SourceTitle "CBM 209 Extra"]
[Source "ChessBase"]
[SourceDate "2022.09.30"]
[SourceVersion "1"]
[SourceVersionDate "2022.09.30"]
[SourceQuality "1"]

1. d4 d5 2. c4 c6 3. Nf3 Nf6 4. e3 Bf5 5. Bd3 Bxd3 6. Qxd3 Nbd7 7. 0-0 e6 8. Nc3 Bb4 9. Bd2 Bxc3 10. Bxc3 0-0 1/2-1/2

[Event "Hanoi op"]
[Site "Hanoi"]
[Date "2022.08.25"]
[Round "5"]
[White "Tran, Tuan Minh"]
[Black "Pham, Chuong"]
[Result "0-1"]
[WhiteElo "2495"]
[BlackElo "2352"]
[PlyCount "86"]
[EventDate "2022.08.20"]
[EventType "swiss"]
[EventRounds "9"]
[EventCountry "VIE"]
[SourceTitle "CBM 209 Extra"]
[Source "ChessBase"]
[SourceDate "2022.09.30"]
[SourceVersion "1"]
[SourceVersionDate "2022.09.30"]
[SourceQuality "1"]

1. Nf3 d5 2. g3 Nf6 3. Bg2 e6 4. 0-0 Be7 5. c4 0-0 6. b3 b6 7. Bb2 Bb7 8. Qc2 Nbd7 9. cxd5 exd5 10. Nd4 c5 11. Nf5 Re8 12. d4 Bf8 13. dxc5 bxc5 14. Nc3 Rb8 15. e3 g6 16. Nh4 d4 17. Na4 dxe3 18. fxe3 Rxe3 19. Qf2 Bxg2 20. Nxg2 Re6 21. Rad1 Qe8 22. Nf4 Re3 23. Nc3 c4 24. Qc2 cxb3 25. axb3 Rc8 26. Rd3 Bb4 27. Qd2 Rxd3 28. Qxd3 Ne5 29. Ncd5 Nxd5 30. Qxd5 Ng4 31. Qf3 Rc2 32. Bd4 Nxh2 33. Qb7 Bc3 34. Bxc3 Qe3+ 35. Kh1 Qxc3 36. Nd5 Nf3 37. Ne7+ Kf8 38. Nxg6+ hxg6 39. Qa8+ Ke7 40. Qb7+ Ke6 41. Qa6+ Kf5 42. Qb5+ Kg4 43. Qa4+ Kxg3 0-1

[Event "Hanoi op"]
[Site "Hanoi"]
[Date "2022.08.24"]
[Round "4"]
[White "Pham, Chuong"]
[Black "Le, Huu Thai"]
[Result "1-0"]
[WhiteElo "2352"]
[BlackElo "2215"]
[PlyCount "75"]
[EventDate "2022.08.20"]
[EventType "swiss"]
[EventRounds "9"]
[EventCountry "VIE"]
[SourceTitle "CBM 209 Extra"]
[Source "ChessBase"]
[SourceDate "2022.09.30"]
[SourceVersion "1"]
[SourceVersionDate "2022.09.30"]
[SourceQuality "1"]

1. d4 d5 2. c4 e6 3. Nf3 Nf6 4. g3 dxc4 5. Bg2 Bb4+ 6. Bd2 c5 7. Bxb4 cxb4 8. Ne5 0-0 9. Nxc4 Nc6 10. e3 Nd5 11. 0-0 b5 12. Ncd2 Bb7 13. Nb3 Rc8 14. Qe2 a6 15. Nc5 Na5 16. Nd2 Ba8 17. Ndb3 Rc6 18. Nxa5 Qxa5 19. a3 Qd8 20. axb4 Qd6 21. Qd2 Rd8 22. Ra3 Rb6 23. Rfa1 Nc7 24. Bxa8 Rxa8 25. Rd3 Rd8 26. Rd1 Qd5 27. e4 Qh5 28. Qf4 Ne8 29. h4 h6 30. Kg2 Rc6 31. d5 exd5 32. Rxd5 Qxd1 33. Rxd1 Rxd1 34. Qb8 Kf8 35. Qb7 Rcd6 36. e5 R6d5 37. e6 Nd6 38. e7+ 1-0

[Event "VIE-chT"]
[Site "Hanoi"]
[Date "2022.04.01"]
[Round "7.7"]
[White "Banh, Gia Huy"]
[Black "Pham, Chuong"]
[Result "0-1"]
[WhiteElo "1889"]
[BlackElo "2349"]
[PlyCount "88"]
[EventDate "2022.03.28"]
[EventType "swiss"]
[EventRounds "9"]
[EventCountry "VIE"]
[SourceTitle "EXT 2023"]
[Source "ChessBase"]
[SourceDate "2022.10.05"]
[SourceVersion "1"]
[SourceVersionDate "2022.10.05"]
[SourceQuality "1"]

1. e4 c5 2. Nf3 Nc6 3. Bc4 d6 4. 0-0 Nf6 5. Re1 Bg4 6. c3 e6 7. Bb5 Qb6 8. Na3 a6 9. Ba4 Qc7 10. Bxc6+ Qxc6 11. d3 Be7 12. Nc4 0-0 13. Bf4 Rfd8 14. Ncd2 Bh5 15. Qc2 Rac8 16. a4 Nd7 17. Bg5 Bxg5 18. Nxg5 h6 19. Ngf3 Ne5 20. Nxe5 dxe5 21. Nc4 Qc7 22. a5 f6 23. b3 Be8 24. Red1 Bb5 25. g3 Rb8 26. Ra2 Re8 27. Kg2 Rbd8 28. Qe2 Re7 29. Nb6 Kh7 30. Rad2 Rd6 31. Nc4 Bxc4 32. dxc4 Rxd2 33. Qxd2 Qxa5 34. Qd6 Qc7 35. Qxc7 Rxc7 36. Rd6 Rc6 37. Rxc6 bxc6 38. f3 h5 39. Kf2 Kh6 40. Kg2 Kg5 41. Kh3 f5 42. Kg2 h4 43. Kh3 hxg3 44. hxg3 a5 0-1

[Event "VIE-chT"]
[Site "Hanoi"]
[Date "2022.03.29"]
[Round "3.4"]
[White "Nguyen, Lam Thien"]
[Black "Pham, Chuong"]
[Result "1-0"]
[WhiteElo "2116"]
[BlackElo "2349"]
[PlyCount "80"]
[EventDate "2022.03.28"]
[EventType "swiss"]
[EventRounds "9"]
[EventCountry "VIE"]
[SourceTitle "EXT 2023"]
[Source "ChessBase"]
[SourceDate "2022.10.05"]
[SourceVersion "1"]
[SourceVersionDate "2022.10.05"]
[SourceQuality "1"]

1. e4 c5 2. Nf3 d6 3. d4 cxd4 4. Nxd4 Nf6 5. Nc3 g6 6. Be3 Bg7 7. f3 Nc6 8. Qd2 0-0 9. 0-0-0 d5 10. exd5 Nxd5 11. Nxc6 bxc6 12. Bd4 e5 13. Bc5 Be6 14. Ne4 Rb8 15. h4 f5 16. Ng5 e4 17. Bd4 e3 18. Qd3 Re8 19. Bxg7 Kxg7 20. Qd4+ Kg8 21. Bc4 Qb6 22. Qxb6 Rxb6 23. g3 Kg7 24. Nxe6+ Rxe6 25. Rhe1 Re7 26. Rd3 f4 27. gxf4 Nxf4 28. Rdxe3 Reb7 29. Re4 Nh5 30. Re6 Rc7 31. Kd2 Nf4 32. R6e4 Nh5 33. Bd3 Kf6 34. Ke3 Ng3 35. Rc4 Ke5 36. Rc5+ Kd6 37. Rg5 Re7+ 38. Kf2 Nh5 39. Ra5 Nf4 40. Be4 Ne6 1-0

[Event "VIE-chT"]
[Site "Hanoi"]
[Date "2022.03.28"]
[Round "2.5"]
[White "Pham, Chuong"]
[Black "Pham, Tran Gia Phuc"]
[Result "1-0"]
[WhiteElo "2349"]
[BlackElo "1912"]
[PlyCount "121"]
[EventDate "2022.03.28"]
[EventType "swiss"]
[EventRounds "9"]
[EventCountry "VIE"]
[SourceTitle "EXT 2023"]
[Source "ChessBase"]
[SourceDate "2022.10.05"]
[SourceVersion "1"]
[SourceVersionDate "2022.10.05"]
[SourceQuality "1"]

1. d4 Nf6 2. c4 c5 3. d5 e6 4. Nc3 exd5 5. cxd5 d6 6. g3 g6 7. Bg2 Bg7 8. Nf3 0-0 9. 0-0 a6 10. a4 Re8 11. h3 Nbd7 12. Re1 Rb8 13. a5 Qc7 14. e4 b5 15. axb6 Rxb6 16. Bf1 Ne5 17. Nxe5 Rxe5 18. Qc2 Re8 19. Bd2 Nd7 20. Bg2 Rb8 21. Nd1 c4 22. Rc1 Ne5 23. b3 f5 24. bxc4 fxe4 25. Bxe4 Bxh3 26. Ne3 Rb2 27. Qd1 Nd7 28. Bg2 Bxg2 29. Kxg2 Nc5 30. Rc2 Nd3 31. Rf1 Reb8 32. Bc3 Bxc3 33. Qxd3 Rxc2 34. Nxc2 Bf6 35. Re1 Qc5 36. Re6 Rf8 37. Ne3 a5 38. Ng4 Bg7 39. Qe4 a4 40. Re8 Qc7 41. Re7 Qc8 42. Ra7 Qb8 43. Qe7 Qb2 44. Nh6+ Kh8 45. Nf7+ Kg8 46. Qe6 Qf6 47. Nxd6+ Qxe6 48. dxe6 Bd4 49. Rxa4 Rxf2+ 50. Kh3 Re2 51. Nb5 Bg1 52. Ra6 h5 53. g4 Rh2+ 54. Kg3 h4+ 55. Kf4 Re2 56. Kg5 h3 57. Kxg6 Kf8 58. Nc7 h2 59. Nd5 Rxe6+ 60. Rxe6 h1Q 61. Nc7 1-0

[Event "VIE-ch"]
[Site "Tinh Bac Giang"]
[Date "2022.02.28"]
[Round "3"]
[White "Pham, Chuong"]
[Black "Vo, Thanh Ninh"]
[Result "1/2-1/2"]
[WhiteElo "2349"]
[BlackElo "2359"]
[PlyCount "55"]
[EventDate "2022.02.28"]
[EventType "swiss"]
[EventRounds "9"]
[EventCountry "VIE"]
[SourceTitle "CBM 207 Extra"]
[Source "ChessBase"]
[SourceDate "2022.05.31"]
[SourceVersion "1"]
[SourceVersionDate "2022.05.31"]
[SourceQuality "1"]

1. d4 Nf6 2. c4 e6 3. g3 Bb4+ 4. Bd2 Be7 5. Bg2 d5 6. Nf3 0-0 7. 0-0 c6 8. Qc2 Nbd7 9. b3 b6 10. a4 a5 11. Nc3 Ba6 12. cxd5 cxd5 13. Nb5 Rc8 14. Qd3 Bb4 15. Bxb4 axb4 16. Ne1 Qe7 17. Qb1 Nb8 18. Nd3 Nc6 19. Qb2 Na5 20. Rfc1 g6 21. e3 Rfd8 22. Ne5 Nd7 23. Nd3 Nf6 24. Rab1 h5 25. Qd2 Rxc1+ 26. Nxc1 Ne4 27. Bxe4 dxe4 28. Na2 1/2-1/2

[Event "VIE-ch"]
[Site "Tinh Bac Giang"]
[Date "2022.02.28"]
[Round "6"]
[White "Tran, Tuan Minh"]
[Black "Pham, Chuong"]
[Result "1-0"]
[WhiteElo "2522"]
[BlackElo "2349"]
[PlyCount "117"]
[EventDate "2022.02.28"]
[EventType "swiss"]
[EventRounds "9"]
[EventCountry "VIE"]
[SourceTitle "CBM 207 Extra"]
[Source "ChessBase"]
[SourceDate "2022.05.31"]
[SourceVersion "1"]
[SourceVersionDate "2022.05.31"]
[SourceQuality "1"]

1. e4 c5 2. Nf3 Nc6 3. Bb5 e6 4. Bxc6 bxc6 5. 0-0 Ne7 6. b3 Ng6 7. Bb2 f6 8. d4 cxd4 9. Qxd4 c5 10. Qe3 Be7 11. c4 0-0 12. Nc3 f5 13. exf5 Rxf5 14. Ne4 Bb7 15. Ne1 Qf8 16. Rd1 Rd8 17. Nd3 Kh8 18. f3 Rc8 19. Ndf2 d5 20. Ng3 d4 21. Qe1 Re5 22. Qa5 Bd8 23. Qb5 Qe7 24. Bc1 Rc6 25. Nd3 Rb6 26. Qa5 Ra6 27. Qd2 Re3 28. Qc2 Bc7 29. Bxe3 dxe3 30. Rfe1 h5 31. Rxe3 h4 32. Ne4 Bxe4 33. Rxe4 Rd6 34. Nf2 Nf4 35. Rxd6 Qxd6 36. g3 hxg3 37. hxg3 Nh5 38. Rg4 Nxg3 39. Ne4 Qd4+ 40. Nf2 Qe3 41. Kg2 Nf5 42. Qe4 Qh6 43. f4 Nh4+ 44. Kg1 Bd8 45. Nd3 Bf6 46. Kf1 Nf5 47. Kg2 Bd4 48. Ne5 Bxe5 49. Qxe5 Qh5 50. Rg5 Qe8 51. Qxc5 Qa8+ 52. Kf2 Qe4 53. Qe5 Qh1 54. Qxe6 Qh2+ 55. Ke1 Qh4+ 56. Kd1 Qh1+ 57. Kd2 Qh2+ 58. Kc3 Qh3+ 59. Kb4 1-0

[Event "Hanoi op 12"]
[Site "Hanoi"]
[Date "2022.??.??"]
[Round "1"]
[White "Nguyen, Hoang Dang Huy"]
[Black "Pham, Chuong"]
[Result "0-1"]
[WhiteElo "1696"]
[BlackElo "2352"]
[PlyCount "68"]
[EventDate "2022.12.11"]
[EventType "swiss"]
[EventRounds "9"]
[EventCountry "VIE"]
[SourceTitle "CBM 211 Extra"]
[Source "ChessBase"]
[SourceDate "2023.01.31"]
[SourceVersion "1"]
[SourceVersionDate "2023.01.31"]
[SourceQuality "1"]

1. c4 e5 2. g3 Nf6 3. Bg2 d5 4. cxd5 Nxd5 5. Nc3 Nb6 6. a4 a5 7. Nf3 Nc6 8. 0-0 Be7 9. d3 0-0 10. Be3 Re8 11. Bxb6 cxb6 12. Nd2 Be6 13. Nc4 f6 14. Qb3 Bb4 15. Nb5 Rc8 16. Rac1 Re7 17. Rfd1 Kh8 18. e3 Rd7 19. Qc2 Bg4 20. f3 Bf5 21. Bf1 Bc5 22. Qe2 Nb4 23. Rc3 h6 24. Kh1 Nc6 25. Rc2 Qg8 26. e4 Be6 27. b3 Rcd8 28. Qe1 Qf8 29. f4 f5 30. Bh3 exf4 31. gxf4 Nb4 32. Rg2 Bxc4 33. bxc4 Nxd3 34. Qg3 Nf2+ 0-1

[Event "VIE-ch"]
[Site "Ho Chi Minh City"]
[Date "2021.03.30"]
[Round "9"]
[White "Hoang, Canh Huan"]
[Black "Pham, Chuong"]
[Result "1-0"]
[WhiteElo "2397"]
[BlackElo "2348"]
[PlyCount "85"]
[EventDate "2021.03.24"]
[EventType "swiss"]
[EventRounds "9"]
[EventCountry "VIE"]
[SourceTitle "EXT 2022"]
[Source "ChessBase"]
[SourceDate "2021.10.06"]
[SourceVersion "1"]
[SourceVersionDate "2021.10.06"]
[SourceQuality "1"]

1. Nf3 d5 2. b3 Nf6 3. Bb2 e6 4. e3 Nbd7 5. c4 c6 6. Be2 b6 7. Rg1 Bb7 8. g4 h6 9. h4 a5 10. d3 h5 11. g5 Ng8 12. Nbd2 Ne7 13. a3 Rg8 14. Ne5 Nxe5 15. Bxe5 g6 16. Qc2 Rc8 17. Qb2 Qd7 18. b4 Nf5 19. bxa5 bxa5 20. Rb1 Ba8 21. d4 Nxh4 22. c5 Bg7 23. Bxg7 Rxg7 24. Bd3 Nf5 25. Bxf5 exf5 26. f4 Rg8 27. Nf3 Rh8 28. Ne5 Qe6 29. Kf2 Kf8 30. Qc3 Kg7 31. Qxa5 Qe7 32. a4 Rc7 33. Rb6 Ra7 34. Qb4 Rc8 35. a5 Bb7 36. Rb1 Rc7 37. Qa4 Qe6 38. a6 Ba8 39. Rb8 Rc8 40. Qa5 Rcc7 41. Rxa8 Rxa8 42. Qxc7 Rxa6 43. Rb7 1-0

[Event "VIE Cup"]
[Site "Hanoi"]
[Date "2021.??.??"]
[Round "3"]
[White "Pham, Chuong"]
[Black "Nguyen, Huu Hoang Anh"]
[Result "1-0"]
[WhiteElo "2349"]
[BlackElo "1945"]
[PlyCount "37"]
[EventDate "2021.05.03"]
[EventType "swiss"]
[EventRounds "9"]
[EventCountry "VIE"]
[SourceTitle "EXT 2022"]
[Source "ChessBase"]
[SourceDate "2021.10.06"]
[SourceVersion "1"]
[SourceVersionDate "2021.10.06"]
[SourceQuality "1"]

1. d4 Nf6 2. c4 g6 3. g3 Bg7 4. Bg2 0-0 5. Nc3 d6 6. Nf3 Nbd7 7. 0-0 e5 8. e4 Re8 9. h3 c6 10. Re1 exd4 11. Nxd4 Qb6 12. Re2 Nc5 13. Be3 Qb4 14. Rc1 Ncxe4 15. Nxe4 Nxe4 16. Bxe4 Rxe4 17. Bd2 Qxb2 18. Rxe4 Bxd4 19. Rb1 1-0

[Event "VIE-ch"]
[Site "Hanoi"]
[Date "2020.10.11"]
[Round "9"]
[White "Nguyen, Van Huy"]
[Black "Pham, Chuong"]
[Result "1/2-1/2"]
[WhiteElo "2444"]
[BlackElo "2361"]
[PlyCount "96"]
[EventDate "2020.10.05"]
[EventType "swiss"]
[EventRounds "9"]
[EventCountry "VIE"]
[SourceTitle "EXT 2022"]
[Source "ChessBase"]
[SourceDate "2021.10.06"]
[SourceVersion "1"]
[SourceVersionDate "2021.10.06"]
[SourceQuality "1"]

1. d4 d5 2. Nf3 Nf6 3. c4 c6 4. Nc3 e6 5. Bg5 Nbd7 6. e3 Be7 7. Rc1 0-0 8. Bd3 a6 9. a4 a5 10. 0-0 dxc4 11. Bxc4 Nd5 12. Bxe7 Qxe7 13. e4 N5b6 14. Ba2 e5 15. d5 Qb4 16. Qc2 h6 17. Rfd1 Re8 18. h3 Nf6 19. Ne1 cxd5 20. Bxd5 Nbxd5 21. Nxd5 Nxd5 22. Rxd5 f6 23. Nf3 Be6 24. Rb5 Qe7 25. Qd2 Red8 26. Qe1 Rd3 27. Rc3 Rd6 28. Qe3 Qd7 29. Kh2 Raa6 30. b3 Rdc6 31. Rbc5 Qc7 32. Nh4 Rxc5 33. Rxc5 Rc6 34. Rxc6 Qxc6 35. Nf5 Qd7 36. Qf3 Kh7 37. h4 Qd2 38. Qg3 Qd7 39. Qf3 Qf7 40. Qc3 Qh5 41. Qxa5 Bxf5 42. exf5 Qxh4+ 43. Kg1 Qe4 44. Qb6 Qb1+ 45. Kh2 Qxf5 46. Qxb7 Qf4+ 47. Kg1 Qc1+ 48. Kh2 Qf4+ 1/2-1/2